Identifikácia vybraných trendov vo vzájomnom obchode medzi Európskou úniou a Čínskou ľudovou republikou bakalárska práca

Saved in:
Bibliographic Details
Main Author: Zámečníková, Natália
Corporate Author: Obchodná fakulta EU. Katedra medzinárodného obchodu
Other Authors: Bronček, Juraj
Format: Book
Language:Slovak
Published: Bratislava 2019
Tags: Add Tag
No Tags, Be the first to tag this record!

MARC

LEADER 00000nbm a2200000 4500
001 0255697
005 20191018141814.1
041 0 |a slo 
044 |a SK 
245 1 0 |a Identifikácia vybraných trendov vo vzájomnom obchode medzi Európskou úniou a Čínskou ľudovou republikou  |b bakalárska práca  |c Natália Zámečníková ; školiteľ: Juraj Bronček 
264 1 |a Bratislava  |c 2019 
300 |a 51 s. 
100 1 |a Zámečníková, Natália 
700 1 |a Bronček, Juraj 
710 2 |a Obchodná fakulta EU. Katedra medzinárodného obchodu